[Event "Banff op"]
[Site "Banff"]
[Date "2022.11.13"]
[Round "6"]
[White "Nones, II Teodulfo"]
[Black "Wolchock, Theo"]
[Result "1/2-1/2"]
[WhiteElo "2246"]
[BlackElo "2055"]
[PlyCount "78"]
[EventDate "2022.11.11"]
[EventType "swiss"]
[EventRounds "6"]
[EventCountry "CAN"]
[SourceTitle "CBM 211 Extra"]
[Source "ChessBase"]
[SourceDate "2023.01.31"]
[SourceVersion "1"]
[SourceVersionDate "2023.01.31"]
[SourceQuality "1"]

1. e4 c5 2. Nf3 Nc6 3. g3 e5 4. Bg2 g6 5. 0-0 Bg7 6. d3 Nge7 7. Be3 d6 8. Qd2 0-0 9. Bh6 f5 10. Bxg7 Kxg7 11. c3 Rb8 12. a3 a5 13. a4 b5 14. axb5 Rxb5 15. Na3 Rb8 16. Rfe1 Qc7 17. Nc4 Be6 18. exf5 Nxf5 19. Ng5 Bg8 20. Ne3 Nxe3 21. fxe3 d5 22. c4 Qd6 23. cxd5 Bxd5 24. Ne4 Bxe4 25. Bxe4 Nb4 26. Rxa5 c4 27. Qc3 Nxd3 28. Bxd3 cxd3 29. Rxe5 Qf6 30. Re7+ Kh6 31. Qxf6 Rxf6 32. Rd1 Rxb2 33. Rxd3 Ra6 34. Rf7 Ra1+ 35. Rf1 Raa2 36. Rf4 Rb1+ 37. Rf1 Rbb2 38. Rf4 Rb1+ 39. Rf1 Rbb2 1/2-1/2

[Event "Winnipeg Divinsky Memorial"]
[Site "Winnipeg"]
[Date "2019.04.30"]
[Round "5.2"]
[White "Boron, Anthony"]
[Black "Wolchock, Theo"]
[Result "1/2-1/2"]
[WhiteElo "1983"]
[BlackElo "2183"]
[PlyCount "225"]
[EventDate "2019.04.02"]
[EventType "swiss"]
[EventRounds "4"]
[EventCountry "CAN"]
[SourceTitle "EXT 2022"]
[Source "ChessBase"]
[SourceDate "2021.10.06"]
[SourceVersion "1"]
[SourceVersionDate "2021.10.06"]
[SourceQuality "1"]

1. b3 d5 2. Bb2 Nf6 3. e3 c5 4. Nf3 Nc6 5. Bb5 e6 6. Ne5 Bd7 7. Nxd7 Qxd7 8. d3 Bd6 9. Nd2 a6 10. Bxc6 Qxc6 11. Nf3 0-0 12. Be5 Nd7 13. Bxd6 Qxd6 14. 0-0 b5 15. c4 Rac8 16. Qe2 Rfd8 17. Rfd1 Nb6 18. cxb5 axb5 19. Rac1 Ra8 20. Ng5 Qe7 21. f4 e5 22. Qf2 f6 23. Nf3 e4 24. Nh4 g6 25. Rc2 Rac8 26. Qg3 c4 27. dxc4 dxc4 28. Rdc1 Rd5 29. bxc4 Nxc4 30. a4 Rcd8 31. axb5 Rd1+ 32. Rxd1 Rxd1+ 33. Kf2 Qb4 34. Re2 Kf7 35. Qh3 Qxb5 36. Qc8 Kg7 37. Qe6 Qd5 38. Qe7+ Qf7 39. Qxe4 Nd6 40. Qa4 Rb1 41. Rd2 Qe7 42. Ke2 Rb7 43. Qa3 Rd7 44. Nf3 Nc4 45. Qxe7+ Rxe7 46. Rd3 Kf7 47. Nd2 Nxd2 48. Rxd2 Ke6 49. Kf3 f5 50. Ra2 Rb7 51. Ra5 h6 52. Ra6+ Kf7 53. h3 Kg7 54. Re6 Kf7 55. Re5 Kf6 56. g4 Rb6 57. Rc5 Ra6 58. Rc8 Re6 59. Rf8+ Kg7 60. Rd8 Re7 61. Rd5 Kf6 62. gxf5 gxf5 63. Rd6+ Kg7 64. h4 Ra7 65. h5 Kh7 66. Rf6 Ra5 67. Rf7+ Kg8 68. Re7 Ra6 69. Re5 Rf6 70. Ke2 Kg7 71. Kd3 Rd6+ 72. Kc4 Kf6 73. Kc5 Rd3 74. Kc4 Rd6 75. Rd5 Re6 76. Kd4 Ra6 77. Rc5 Rd6+ 78. Rd5 Ra6 79. Rd8 Ra4+ 80. Kd3 Ra5 81. Rg8 Ra3+ 82. Ke2 Ra2+ 83. Kf3 Rh2 84. Rg6+ Kf7 85. Rxh6 Kg7 86. Rg6+ Kf7 87. Rg5 Kf6 88. Kg3 Re2 89. Kf3 Rh2 90. Rg6+ Kf7 91. Rb6 Rxh5 92. Ke2 Rh2+ 93. Kd3 Ra2 94. Rb4 Kf6 95. Rc4 Ra5 96. Kd4 Ra3 97. Rc6+ Kf7 98. Rd6 Ke7 99. Rh6 Kf7 100. Rc6 Ke7 101. Rc4 Ra5 102. Rc5 Ra3 103. Rc4 Kf6 104. Rc6+ Ke7 105. Ke5 Rxe3+ 106. Kxf5 Kf7 107. Rc7+ Kf8 108. Kf6 Kg8 109. Rc8+ Kh7 110. f5 Rf3 111. Ke6 Kg7 112. Rc7+ Kg8 113. Kf6 1/2-1/2